[Event "CAN-ch U16"]
[Site "Sault Ste Marie"]
[Date "2017.07.07"]
[Round "4.21"]
[White "Fox, Dylan"]
[Black "Saine, Zachary"]
[Result "0-1"]
[WhiteElo "1270"]
[BlackElo "1966"]
[PlyCount "62"]
[EventDate "2017.07.06"]
[EventType "swiss"]
[EventRounds "7"]
[EventCountry "CAN"]
[SourceTitle "EXT 2022"]
[Source "ChessBase"]
[SourceDate "2021.10.06"]
[SourceVersion "1"]
[SourceVersionDate "2021.10.06"]
[SourceQuality "1"]

1. e4 e5 2. Nf3 Nc6 3. Bc4 Be7 4. c3 Nf6 5. d3 d6 6. h3 Na5 7. Bb5+ c6 8. Ba4 b5 9. Bc2 0-0 10. d4 Qc7 11. a4 a6 12. Nbd2 Be6 13. Ng5 Bd7 14. b4 Nb7 15. Nf1 c5 16. bxc5 dxc5 17. d5 c4 18. Be3 Nc5 19. a5 h6 20. h4 Rfb8 21. Nd2 Nd3+ 22. Bxd3 cxd3 23. Bb6 Qxc3 24. Rc1 Qb2 25. Ngf3 Rc8 26. 0-0 Bd6 27. Ne1 Rxc1 28. Qb3 Qxd2 29. Be3 Qd1 30. Qb2 Rb1 31. Qa2 Bb4 0-1

[Event "CAN-ch U16"]
[Site "Sault Ste Marie"]
[Date "2017.07.06"]
[Round "1.16"]
[White "Liu, Zhanhe"]
[Black "Fox, Dylan"]
[Result "1-0"]
[WhiteElo "2188"]
[BlackElo "1270"]
[PlyCount "49"]
[EventDate "2017.07.06"]
[EventType "swiss"]
[EventRounds "7"]
[EventCountry "CAN"]
[SourceTitle "EXT 2022"]
[Source "ChessBase"]
[SourceDate "2021.10.06"]
[SourceVersion "1"]
[SourceVersionDate "2021.10.06"]
[SourceQuality "1"]

1. e4 c5 2. Nf3 d6 3. d4 cxd4 4. Nxd4 Nf6 5. Nc3 a6 6. h3 e6 7. g4 b5 8. Bg2 Bb7 9. a3 Be7 10. 0-0 h6 11. f4 Nbd7 12. g5 hxg5 13. fxg5 Ng8 14. g6 Ngf6 15. gxf7+ Kxf7 16. Qg4 Nf8 17. e5 dxe5 18. Bxb7 Ra7 19. Nxe6 Nxe6 20. Bd5 Qd6 21. Be3 Rc7 22. Rad1 Bf8 23. Ne4 Qe7 24. Bxe6+ Qxe6 25. Ng5+ 1-0

[Event "CAN-ch U14"]
[Site "Windsor"]
[Date "2016.07.08"]
[Round "6.39"]
[White "Fox, Dylan"]
[Black "Jeyakumar, Yathushan"]
[Result "1-0"]
[WhiteElo "1252"]
[BlackElo "1261"]
[PlyCount "61"]
[EventDate "2016.07.05"]
[EventType "swiss"]
[EventRounds "7"]
[EventCountry "CAN"]
[SourceTitle "EXT 2022"]
[Source "ChessBase"]
[SourceDate "2021.10.06"]
[SourceVersion "1"]
[SourceVersionDate "2021.10.06"]
[SourceQuality "1"]

1. e4 c5 2. c3 Nf6 3. e5 Nd5 4. d4 e6 5. Nf3 Nc6 6. Bd3 Be7 7. a3 Qb6 8. Bc2 a5 9. 0-0 f6 10. Re1 Qc7 11. Qd3 Nd8 12. c4 Nb6 13. Bf4 cxd4 14. exf6 Qxf4 15. fxg7 Qf6 16. gxh8Q+ Qxh8 17. Nbd2 h5 18. Qg6+ Nf7 19. Ne5 Qf6 20. Qg8+ Bf8 21. Nxf7 Ke7 22. Ne5 Bg7 23. Ng6+ Kd6 24. Ne4+ Kc7 25. Nxf6 Bxf6 26. Qf8 Bg5 27. Qc5+ Kb8 28. Qxb6 Ra6 29. Qxd4 d6 30. c5 d5 31. Qe5+ 1-0

[Event "CAN-ch U14"]
[Site "Windsor"]
[Date "2016.07.07"]
[Round "5.40"]
[White "Masse, Wade"]
[Black "Fox, Dylan"]
[Result "0-1"]
[WhiteElo "917"]
[BlackElo "1252"]
[PlyCount "94"]
[EventDate "2016.07.05"]
[EventType "swiss"]
[EventRounds "7"]
[EventCountry "CAN"]
[SourceTitle "EXT 2022"]
[Source "ChessBase"]
[SourceDate "2021.10.06"]
[SourceVersion "1"]
[SourceVersionDate "2021.10.06"]
[SourceQuality "1"]

1. e4 c5 2. Nf3 d6 3. Nc3 Nf6 4. Bc4 e6 5. Qe2 a6 6. a4 Nc6 7. 0-0 Bd7 8. d3 Be7 9. Bf4 h5 10. Rfe1 e5 11. Bd2 h4 12. h3 Qc8 13. Ng5 Nd4 14. Nd5 Nxd5 15. Bxd5 f6 16. Nf3 Bxh3 17. Nh2 Bd7 18. f3 Ne6 19. c3 Nf4 20. Bxf4 exf4 21. a5 h3 22. Rf1 hxg2 23. Qxg2 Bh3 24. Qf2 Bxf1 25. Qxf1 Qd7 26. b4 cxb4 27. cxb4 Rc8 28. Bb3 Kf8 29. Qg2 Rh3 30. Nf1 g5 31. Kf2 Rc3 32. Ba4 Qe6 33. Nd2 Rxd3 34. Ke2 Re3+ 35. Kf2 Rh4 36. Rh1 Qa2 37. Kf1 Rxh1+ 38. Qxh1 Qa1+ 39. Kg2 Re2+ 40. Kh3 Qxh1+ 41. Kg4 Rxd2 42. Bb3 Kg7 43. e5 Kg6 44. Bf7+ Kxf7 45. Kf5 Re2 46. e6+ Rxe6 47. b5 Qh3# 0-1

[Event "CAN-ch U14"]
[Site "Windsor"]
[Date "2016.07.06"]
[Round "2.38"]
[White "Zhang, Kevin3333"]
[Black "Fox, Dylan"]
[Result "1-0"]
[WhiteElo "810"]
[BlackElo "1252"]
[PlyCount "121"]
[EventDate "2016.07.05"]
[EventType "swiss"]
[EventRounds "7"]
[EventCountry "CAN"]
[SourceTitle "EXT 2022"]
[Source "ChessBase"]
[SourceDate "2021.10.06"]
[SourceVersion "1"]
[SourceVersionDate "2021.10.06"]
[SourceQuality "1"]

1. e4 c5 2. Nf3 d6 3. d4 cxd4 4. Nxd4 Nf6 5. Nc3 a6 6. Be2 e6 7. Bg5 Nbd7 8. 0-0 h6 9. Bh4 b5 10. Bg3 Bb7 11. Nf3 Nc5 12. b4 Ncxe4 13. Nxe4 Nxe4 14. Re1 Be7 15. Bd3 Nc3 16. Qd2 Rc8 17. Nd4 Bf6 18. Nxe6 fxe6 19. Bg6+ Ke7 20. Qf4 Nd5 21. Qg4 Qd7 22. Bf5 Nc7 23. Rad1 h5 24. Qh3 g6 25. Bxd6+ Kf7 26. Bxc7 Qxc7 27. Bxe6+ Kg7 28. Rd7+ Qxd7 29. Bxd7 Rcd8 30. Be6 Rhe8 31. Qg3 Bc8 32. Qc7+ Kh8 33. h3 Bxe6 34. Qc6 Rc8 35. Qxa6 Ra8 36. Qxb5 Bd7 37. Rxe8+ Bxe8 38. Qd5 Rd8 39. Qe6 Kg7 40. c4 Bf7 41. Qe4 Rd4 42. Qb1 Rxc4 43. b5 Be5 44. b6 Rd4 45. f3 Rd8 46. Qb5 Bd4+ 47. Kf1 Rb8 48. b7 Kf6 49. Qc6+ Be6 50. a4 h4 51. a5 g5 52. a6 Ba7 53. Qc3+ Kg6 54. Qe5 Re8 55. Qe4+ Kf6 56. Qc6 Rb8 57. Qd6 Re8 58. f4 Kf7 59. Qc7+ Re7 60. b8Q Bc4+ 61. Qxc4+ 1-0

[Event "CAN-ch U14"]
[Site "Windsor"]
[Date "2015.07.08"]
[Round "4.31"]
[White "Hou, Frank Gui"]
[Black "Fox, Dylan"]
[Result "0-1"]
[WhiteElo "1146"]
[BlackElo "1157"]
[PlyCount "102"]
[EventDate "2015.07.06"]
[EventType "swiss"]
[EventRounds "7"]
[EventCountry "CAN"]
[SourceTitle "EXT 2022"]
[Source "ChessBase"]
[SourceDate "2021.10.06"]
[SourceVersion "1"]
[SourceVersionDate "2021.10.06"]
[SourceQuality "1"]

1. e4 c5 2. Nf3 d6 3. h3 Nf6 4. Nc3 a6 5. d4 cxd4 6. Nxd4 b5 7. a3 Bb7 8. Bd3 e6 9. 0-0 Be7 10. Re1 Nbd7 11. Nf3 0-0 12. b4 Rc8 13. Bb2 Qc7 14. Qd2 e5 15. Rac1 Rfe8 16. Na2 Nb6 17. Qe2 Qd7 18. Nc3 Bd8 19. Nh4 g6 20. Qe3 Nc4 21. Bxc4 Rxc4 22. Qd3 Nh5 23. Nf3 Nf4 24. Qf1 Qc8 25. Kh2 Rxc3 26. Bxc3 Qxc3 27. Re3 Qc8 28. g3 Ne6 29. Qe2 Ng5 30. h4 Nxf3+ 31. Qxf3 f5 32. Rc3 Qe6 33. Qd1 Bxe4 34. Re3 Bb6 35. Re2 Bf3 36. c3 Bxf2 37. Rxe5 Bxd1 38. Rxe6 Rxe6 39. Rxd1 Re2 40. Kg2 Rc2 41. Kf1 Bxg3 42. Rxd6 Bxd6 43. c4 bxc4 44. a4 Bxb4 45. a5 Kf7 46. h5 gxh5 47. Kg1 Kg6 48. Kf1 Kg5 49. Kg1 Kf4 50. Kf1 Kg3 51. Kg1 Rc1# 0-1

[Event "CAN-ch U12"]
[Site "Ottawa"]
[Date "2013.07.11"]
[Round "4"]
[White "Fox, Dylan"]
[Black "Liang, Hairan"]
[Result "1/2-1/2"]
[WhiteElo "747"]
[BlackElo "1016"]
[PlyCount "93"]
[EventDate "2013.07.10"]
[EventType "swiss"]
[EventRounds "6"]
[EventCountry "CAN"]
[SourceTitle "EXT 2022"]
[Source "ChessBase"]
[SourceDate "2021.10.06"]
[SourceVersion "1"]
[SourceVersionDate "2021.10.06"]
[SourceQuality "1"]

1. e4 e5 2. Nf3 Nc6 3. Bc4 Bc5 4. c3 Nf6 5. d3 h6 6. b4 Bb6 7. a4 a6 8. Qb3 0-0 9. Ba3 d6 10. Nbd2 Qe7 11. 0-0 Be6 12. Bxe6 Qxe6 13. Qxe6 fxe6 14. Rac1 Nh5 15. g3 Rf7 16. c4 Nd4 17. Nxd4 Bxd4 18. Kg2 Raf8 19. f3 Rf6 20. c5 d5 21. c6 b5 22. Nb3 Bb6 23. axb5 axb5 24. Nc5 Bxc5 25. Rxc5 Rg6 26. Rxb5 Nf4+ 27. Kf2 Ra8 28. Ra5 Nh3+ 29. Ke2 Re8 30. Ra7 Rc8 31. b5 Rf6 32. Rb7 Rf7 33. Rc1 Ra8 34. Bb2 Raf8 35. Rf1 d4 36. Ba3 Ra8 37. Bb4 Ra2+ 38. Bd2 Rb2 39. Rc1 Ng5 40. b6 Rxf3 41. Rb8+ Kh7 42. bxc7 Rf2+ 43. Kxf2 Rxd2+ 44. Ke1 Nf3+ 45. Kf1 Nxh2+ 46. Kg1 Nf3+ 47. Kf1 1/2-1/2

[Event "CAN-ch U12"]
[Site "Ottawa"]
[Date "2013.07.10"]
[Round "2"]
[White "Fox, Dylan"]
[Black "Johnson Constantin, Matthieu"]
[Result "0-1"]
[WhiteElo "747"]
[BlackElo "1611"]
[PlyCount "120"]
[EventDate "2013.07.10"]
[EventType "swiss"]
[EventRounds "6"]
[EventCountry "CAN"]
[SourceTitle "EXT 2022"]
[Source "ChessBase"]
[SourceDate "2021.10.06"]
[SourceVersion "1"]
[SourceVersionDate "2021.10.06"]
[SourceQuality "1"]

1. e4 c5 2. Nf3 d6 3. c3 Nf6 4. d3 Nc6 5. a3 g6 6. b4 b6 7. b5 Na5 8. a4 Bg7 9. Bb2 0-0 10. c4 Nh5 11. Bxg7 Nxg7 12. Nbd2 Ne6 13. h3 Nd4 14. Nxd4 cxd4 15. Nf3 e5 16. Be2 Nb7 17. 0-0 Nc5 18. Qc2 f5 19. Rfb1 f4 20. Qd2 h5 21. Nh4 Qxh4 22. a5 Bb7 23. Qc2 Qg5 24. f3 Qf6 25. axb6 axb6 26. Rxa8 Rxa8 27. Qc1 Ra2 28. Rb2 Rxb2 29. Qxb2 Qd8 30. Qa3 Qa8 31. Qxa8+ Bxa8 32. Kh2 Kg7 33. g3 Kf6 34. h4 Bb7 35. g4 Bc8 36. g5+ Ke7 37. Kg2 Bb7 38. Kf1 Na4 39. Ke1 Nc3 40. Bf1 d5 41. cxd5 Nxd5 42. exd5 Bxd5 43. Be2 Bb3 44. Kd2 Ba4 45. Kc1 Bxb5 46. Kb2 Kd6 47. Kb3 Kc5 48. Bf1 Bc6 49. Bg2 Bd5+ 50. Ka4 b5+ 51. Ka3 b4+ 52. Kb2 Kb5 53. Bh1 Ka5 54. Bg2 Bc6 55. Kb1 Ka4 56. Kb2 b3 57. Bh3 Bxf3 58. Bd7+ Kb4 59. Be8 e4 60. Bxg6 e3 0-1